| 000 | 00556nam a2200133 4500 | ||
|---|---|---|---|
| 008 | 0 2000 0a 000 0MEX | ||
| 050 | _aTP155 T4 A681 2000 | ||
| 082 | _a620.112.97 A681s | ||
| 100 | _aArenas Arrocena, Ma. Concepcion | ||
| 245 | _aSensores sensibles a la presion propiedades ekectricas y morfologicas / Ma. Concepcion Arenas Arrocena | ||
| 300 | _a66 p. / 21 cm. | ||
| 502 | _aTesis. Opción I. I.T. Z. (Química) Ing. Rodolfo López Bailón | ||
| 650 | _a1.MATERIALES COMPUESTOS \ 2.TIPO DE FIBRAS UTILIZADAS EN MATERIALES COMPUESTOS | ||
| 999 |
_c16611 _d16611 |
||